000 00906nam a2200241 i 4500
001 9260
003 ES-MaACL
005 20250714044033.0
007 t|
008 930526s1991 sp ||||1| spa d
020 _a84-7474-621-3
080 _a351.823.3(46)
080 _a622(46)
110 2 _aEspaña.
_bMinisterio de Industria, Comercio y Turismo.
_93879
245 1 0 _aReglamento general de normas básicas de seguridad minera e instrucciones técnicas complementarias /
_cMinisterio de Industria, Comercio y Turismo.
260 _aMadrid :
_bCentro de Publicaciones, Ministerio de Industria, Comercio y Turismo,
_cD.L. 1991.
300 _a1 v. (pag. var.) ;
_c21 cm.
490 1 _aLeyes, normas y reglamentos
650 1 4 _aMinas-
_xMedidas de seguridad-
_vNormas.
_915051
830 0 _aLeyes, normas y reglamentos
_9178428
852 _aES-MaACL
_jL-16717
_bR.121323
999 _c9260
_d9260